Glycolysis - Statistics

General Stats
  • This quiz has been taken 161 times
  • The average score is 10 of 21
Answer Stats
Hint Answer % Correct
Initial molecule Glucose
100%
Second molecule Glucose 6-phosphate
85%
Enzyme 1 Hexokinase
75%
Third molecule Fructose 6-phosphate
73%
Tenth molecule Pyruvate
71%
Fourth molecule Fructose 1,6-bisphosphate
56%
Ninth molecule Phosphoenolpyruvate
52%
Fifth molecule (2) Glyceraldehyde 3-phosphate
48%
Fifth molecule (1) Dihydroxyacetone phosphate
47%
Enzyme 4 Aldolase
45%
Eighth molecule 2-phosphoglycerate
40%
Seventh molecule 3-phosphoglycerate
38%
Enzyme 10 Pyruvate kinase
38%
Enzyme 3 PFK1
37%
Sixth molecule 1,3-bisphosphoglycerate
33%
Enzyme 9 Enolase
30%
Enzyme 2 Phosphoglucose Isomerase
30%
Enzyme 7 Phosphoglycerate kinase
22%
Enzyme 5 Triose phosphate isomerase
22%
Enzyme 8 Phosphoglyceromutase
14%
Enzyme 6 Glyceraldehyde phosphate dehydrogenase
7%
No matching quizzes found
Score Distribution
Percent of People with Each Score
Percentile by Number Answered
Your Score History
You have not taken this quiz